Report: April 1960 to March 1961 (Record no. 500873)

000 -LEADER
fixed length control field 00458cam a22001337a 4500
008 - FIXED-LENGTH DATA ELEMENTS--GENERAL INFORMATION
fixed length control field 180718b1961 xxu||||| |||| 00| 0 eng d
082 ## - DEWEY DECIMAL CLASSIFICATION NUMBER
Classification number Q43x54 In2/60-61
245 ## - TITLE STATEMENT
Title Report: April 1960 to March 1961
Statement of responsibility, etc. by Indian Council for Child Welfare, India
260 ## - PUBLICATION, DISTRIBUTION, ETC.
Place of publication, distribution, etc. New Delhi
Name of publisher, distributor, etc. Indian Council for Child Welfare
Date of publication, distribution, etc. 1961
300 ## - PHYSICAL DESCRIPTION
Extent 57p.
500 ## - GENERAL NOTE
General note Bound with Q43x54 In2/57-61
650 ## - SUBJECT ADDED ENTRY--TOPICAL TERM
Topical term or geographic name entry element Child Welfare-India
700 ## - ADDED ENTRY--PERSONAL NAME
Personal name India. Indian Council for Child Welfare
Holdings
Withdrawn status Lost status Damaged status Not for loan Permanent Location Current Location Date acquired Full call number Barcode Date last seen Price effective from Koha item type
        Indian Institute of Public Administration Indian Institute of Public Administration 2018-08-04 Q43x54 In2/60-61 GR5099 2018-08-04 2018-08-04 GR

Powered by Koha